Biblioteca y Centro de Documentación

Sindicatos sin fronteras (Registro nro. 13634)

Detalles MARC
000 -CABECERA
Longitud fija campo de control 01619nam a2200433 c 4500
001 - NÚMERO DE CONTROL
Número de control 13634
003 - IDENTIFICADOR DE NÚMERO DE CONTROL
Identificador del número de control ES-MaCES
005 - FECHA Y HORA DE LA ÚLTIMA TRANSACCIÓN
Fecha y hora de la última transacción 20200226040007.0
008 - CAMPO FIJO DE DESCRIPCIÓN FIJA--INFORMACIÓN GENERAL
Códigos de información de longitud fija   020521s2000 sp o t 000 | spa d
017 ## - NÚMERO DE REGISTRO DE DERECHOS DE AUTOR Y DEPÓSITO LEGAL
Número de copyright o de depósito legal M 15556-2000
Agencia que asigna el número DL
020 ## - ISBN (INTERNATIONAL STANDARD BOOK NUMBER)
Número Internacional Normalizado para Libros (ISBN) 8495034506
035 ## - NÚMERO DE CONTROL DEL SISTEMA
Número de control del sistema CES20020006253m
040 ## - FUENTE DE CATALOGACIÓN
Centro catalogador de origen ES-MaCES
Lengua de catalogación spa
Centro transcriptor ES-MaCES
041 0# - CÓDIGO DE IDIOMA
Código de lengua del texto;banda sonora o título independiente spa
-- eng
100 1# - ENCABEZAMIENTO PRINCIPAL--NOMBRE PERSONAL
Nombre de persona Moreno, Juan
9 (RLIN) 19074
245 10 - MENCIÓN DE TÍTULO
Título Sindicatos sin fronteras
Resto del título : la Confederación Europea de Sindicatos (1973-1999) y la afiliación de CC.OO.
Mención de responsabilidad, etc. Juan Moreno ; [promueve], Unión Sindical de Madrid-Región de CC.OO
246 3# - FORMA VARIANTE DEL TÍTULO
Título propio ; Título en breve Trade unions without frontiers : the communist-oriented trade unions and the ETUC (1973-1999)
250 ## - MENCIÓN DE EDICIÓN
Mención de edición 2ª ed
260 ## - PUBLICACIÓN, DISTRIBUCIÓN, ETC (PIE DE IMPRENTA)
Lugar de publicación, distribución, etc. Madrid
Nombre del editor, distribuidor, etc. GPS-Madrid
Fecha de publicación, distribución, etc. 2000
300 ## - DESCRIPCIÓN FÍSICA
Extensión 437 p, [4] h. de fot.
Dimensiones 21 cm
490 1# - MENCIÓN DE SERIE
Mención de serie Colección Ensayos
Designación de volumen o secuencia 4
500 ## - NOTA GENERAL
Nota general Publicado también bajo el tít: Trade unions without frontiers : the communist-oriented trade unions and the ETUC (1973-1999)
504 ## - NOTA DE BIBLIOGRAFÍA, ETC.
Nota de bibliografía, etc. Bibliografía: p. 435-437
541 ## - NOTA DE LA FUENTE INMEDIANTE DE ADQUISICIÓN
Forma de adquisición Gratuito
610 27 - ASIENTO SECUNDARIO DE MATERIA--NOMBRE CORPORATIVO
Nombre de entidad corporativa o nombre de jurisdicción como elemento inicial Comisiones Obreras
Fuente de encabezamiento o término
9 (RLIN) 2105
650 #4 - ASIENTO SECUNDARIO DE MATERIA--TÉRMINO DE MATERIA
Término de materia o nombre geográfico como elemento inicial CES
9 (RLIN) 30345
650 #4 - ASIENTO SECUNDARIO DE MATERIA--TÉRMINO DE MATERIA
Término de materia o nombre geográfico como elemento inicial sindicalización
9 (RLIN) 29454
650 #4 - ASIENTO SECUNDARIO DE MATERIA--TÉRMINO DE MATERIA
Término de materia o nombre geográfico como elemento inicial federación sindical
9 (RLIN) 29459
650 #4 - ASIENTO SECUNDARIO DE MATERIA--TÉRMINO DE MATERIA
Término de materia o nombre geográfico como elemento inicial España
9 (RLIN) 26964
650 #4 - ASIENTO SECUNDARIO DE MATERIA--TÉRMINO DE MATERIA
Término de materia o nombre geográfico como elemento inicial Europa
9 (RLIN) 26940
650 #4 - ASIENTO SECUNDARIO DE MATERIA--TÉRMINO DE MATERIA
Término de materia o nombre geográfico como elemento inicial 1973-1999
9 (RLIN) 31663
653 10 - TÉRMINO DE INDEXACIÓN--NO CONTROLADO
Término no controlado Relaciones laborales-Empleo
650 #4 - ASIENTO SECUNDARIO DE MATERIA--TÉRMINO DE MATERIA
9 (RLIN) 28377
Término de materia o nombre geográfico como elemento inicial sindicato
710 2# - ENCABEZAMIENTO SECUNDARIO--NOMBRE CORPORATIVO
Nombre de entidad o nombre de jurisdicción como elemento inicial Comisiones Obreras
Unidad subordinada Unión Sindical de Madrid-Región
Término indicativo de función col.
9 (RLIN) 2156
830 #0 - ENCABEZAMIENTO SECUNDARIO DE COLECCIÓN--TÍTULO UNIFORME
Título uniforme Colección Ensayos (Ediciones GSP Madrid)
Designación de volumen o secuencia 4
9 (RLIN) 33367
902 ## - CES. TIPO DE DOCUMENTO
Tipodoc (006$c Sirtex) LIB Libro
942 ## - ELEMENTOS KOHA
Fuente de clasificaión o esquema Clasificación propia del CES
Koha [por defecto] tipo de item Monografías
Parte de clasificación 2.0.
Existencias
Número de registro Signatura completa Tipo de item de Koha
047300 DPT-8039 Monografías
© CES, Consejo Económico y Social de España 2021